000 00366 a2200109 4500
001 ART_42775
005 20260410161737.0
008 260409a
245 1 0 _aLa globalización empezó durante el virreinato
100 1 _aLuna, Félix
773 0 _tEjecutivos de finanzas
_gFinanciamiento para el desarrollo - Año 13, Nº 134 (abr. 1997)
_wREV2863
999 _c18421
_d18421